| 000 | 01043 a2200241 4500 | ||
|---|---|---|---|
| 999 |
_c6208 _d6208 |
||
| 020 | _a9781405182935 | ||
| 050 | 0 | 0 | _aTT640 ALD 2011 |
| 100 | 1 |
_aAldrich, Winifred. _eauthor |
|
| 245 | 1 | 0 |
_aMetric pattern cutting for menswear / _cWinifred Aldrich. |
| 250 | _a5th ed. | ||
| 264 |
_aWest Sussex : _bJohn Wiley & Sons, _c2011. |
||
| 300 |
_a198 p. : _bill. (some col.) ; |
||
| 500 | _aIncludes index | ||
| 504 | _aIncludes bibliographical references. | ||
| 650 | 0 |
_aChildren's clothing _xPattern design. |
|
| 650 | 0 |
_aInfants' clothing _xPattern design. |
|
| 650 | 0 | _aGarment cutting. | |
| 856 | 4 | 2 |
_3Contributor biographical information _uhttp://www.loc.gov/catdir/enhancements/fy1210/2011006426-b.html |
| 856 | 4 | 2 |
_3Publisher description _uhttp://www.loc.gov/catdir/enhancements/fy1210/2011006426-d.html |
| 856 | 4 | 1 |
_3Table of contents only _uhttp://www.loc.gov/catdir/enhancements/fy1210/2011006426-t.html |
| 942 |
_2lcc _cBK _e5th ed. _h640 _iALD _kTT |
||